| 000 | 00511nam a2200181Ia 4500 | ||
|---|---|---|---|
| 003 | GCL | ||
| 005 | 20240530104207.0 | ||
| 008 | 140319s9999 xx 000 0 ara d | ||
| 040 |
_aGCL / _cGCL |
||
| 082 | 0 | 4 |
_a913.031 _bر ت |
| 100 | 1 | _aرونسان، جان | |
| 245 | 1 | 0 |
_aتلك اثارنا : جهود فرنسا الاثرية فى الشرق / _cرونسان، جان |
| 300 | _a62 ص | ||
| 650 | 0 | 4 | _aفرنسا |
| 650 | 0 | 4 | _aالاثار |
| 650 | 0 | 4 | _aالاثار الشرقية |
| 942 |
_2ddc _cBK |
||
| 999 |
_c45389 _d45389 |
||